Três coisas que Eva viu (Registo nº 202589)
[ vista simples ]
| 000 -Etiqueta do registo | |
|---|---|
| Valores | 00486nam 22001813 4500 |
| 100 ## - Dados gerais de processamento | |
| Dados gerais | 20260616d u||y0pory50 ba |
| 200 ## - Titulo e menção de responsabilidade | |
| Título próprio | Três coisas que Eva viu |
| Primeira menção de responsabilidade | Sérgio Garcias |
| 206 ## - Dados cartográficos | |
| Menção dos dados | 1ª |
| 210 ## - Publicação | |
| Local de publicação | Lisboa |
| Nome do editor | Idream |
| Data de publicação | 2024 |
| 215 ## - Descrição física | |
| Paginação / Volumes | 139 p. |
| Outras indicações físicas | brochado |
| Dimensões | 21 cm |
| 606 ## - Nome comum usado como assunto | |
| ID Autoridade | 9 |
| Palavra de ordem | Literatura Brasileira |
| 675 ## - CDU | |
| Notação | 821.134.3(81)-3 |
| Edição | PT |
| Língua | por |
| 700 ## - Autor principal (pessoa individual) | |
| ID Autoridade | 17526 |
| Apelido | Garcias |
| Nome | Sérgio |
| 801 ## - Fonte de origem | |
| País | PT |
| Agência | BMMN |
| Regras de catalogação | RPC |
| 830 ## - Notas gerais do catalogador | |
| Criado por | Fernando |
| Indexado por | Fernando |
| 990 ## - Elementos KOHA | |
| Tipo de documento | Livro |
| Situação do levantamento | Biblioteca de origem | Código de barras | Cota | Permissão de empréstimo | Tipo de documento | Forma de aquisição |
|---|---|---|---|---|---|---|
| Biblioteca Municipal de Montemor-o-Novo | 32085 | 821.134.3(81)-3 GAR|LG | Livro | Oferta |